000 01132nam a22003257a 4500
001 768714001
003 CO-MdFUSB
005 20250908141755.0
007 ta
008 160824t1998 -us |||| |||| 00| 0 eng d
020 _a0-8028-3844
_q-8
040 _cCO-MdFUSB
_aCO-MdFUSB
_bspa
_dCO-MdFUSBC
_erda
041 0 _aeng
082 0 4 _a227.096
_223
_bD923
100 1 _aDunn, James D. G. (1939-)
_eautor
245 0 1 _aThe theology of Paul the apostle
_c/ James D. G. Dunn
264 4 _aGrand Rapids, MI., USA :
_b Eerdmans,
_c[1988]
264 4 _c©1998
300 _a808 Páginas
_c24 cm
336 _2rdacontent
_atexto
_btxt
337 _2rdamedia
_asin mediación
_bn
338 _2rdacarrier
_avolumen
_bnc
505 _aDios y la humanidad. -- La humanidad bajo acusación. -- El evangelio de Jesucristo. -- El principio de la salvación. -- El proceso de salvación. -- La iglesia. -- ¿Cómo deben vivir los creyentes?
563 _aTapa dura
630 0 7 _aBiblia.
_pNuevo Testamento
_xCrítica, interpretación, etc.
653 _aLiteratura Paulina
942 _cBK
945 _aJTF-925
999 _c33614
_d33614